01973agaaa2200289 45000010005000000030009000050050017000140070009000310080040000400400023000800410013001031000045001161300022001612450199001832500022003822600101004043000034005055080175005395110089007145200621008035380016014245460013014406500059014537000055015127000057015677000059016244693IT-RoPAU20220918181244.0d cvaizq50131s9999||||xx ||| | || ||und|| aIT-RoPAUcIT-RoPAU aITALIANO aSanna PierogCodice regista SPICS: 57760 aDESTINAZIONE (LA) aDESTINAZIONE (LA)cProdotto da: Siena Marcello -- Sceneggiatura: Sanna Piero Fraternale Franco Alberione Ezio -- Diretto da: Sanna PieropDESTINAZIONE (LA) (Rif. Codice opera principale : H4693) aEdizione Standard a(ITALIA)bIPOTESI CINEMA - RAI CINEMAFICTION / g"2002 (1° ed.: 2004 ; Ed. Lingua Orig.: n.d.)" aDVDbsonoro, col.c117 minuti a"Fotografia: Della Chiesa Emilio; Montaggio: Sanna Piero; Musica: Palmas Mauro; Sceneggiatura: Sanna Piero Fraternale Franco Alberione Ezio; Scenografia: Rubeo Antonia; " a"Magnani Roberto; Balia Elisabetta; Fois Vanni; Ballore Raffaele; Brotzu Sebastiano" aARRUOLATOSI NELL'ARMA DEI CARABINIERI, EMILIO SI TRASFERISCE PER L'ADDESTRAMENTO A ROMA DOVE CONOSCE UN RAGAZZO SARDO, COSTANTINO, TACITURNO E SEVERO. AL TERMINE DEL CORSO EMILIO VIENE DESTINATO A PRESTARE SERVIZIO IN UN PICCOLO PAESE DELLA BARBAGIA. IL SUO PRIMO INCARICO E' DI INDAGARE SULL'OMICIDIO DI UN PASTORE UCCISO DAVANTI AL FIGLIOLETTO EFISIO CHE, NASCOSTO DA UN CESPUGLIO, HA POTUTO VEDERE IN FACCIA IL SICARIO. POCO ALLA VOLTA, FRA INDAGINI DIFFICOLTOSE ED UNA CONTRASTATA STORIA D'AMORE CON GIACOMINA, EMILIO SI RENDE CONTO DI ESSERE SBARCATO IN UN MONDO PROFONDAMENTE DIVERSO DA QUELLO CUI E' ABITUATO. aPAL, STEREO aITALIANO aDRAMMATICOeDVD-FILM [DVD]xCodice MATERIA SPICS: 9947 aPalmas Mauroe(musica)gCodice Musica SPICS: 57761 aSanna Piero e(regista)gCodice regista SPICS: 57760 aSanna Piero e(soggetto)gCodice Soggetto SPICS: 57760